Jakiego języka używa się w tym państwie - Statystyki

Ogólne statystyki
  • Ten quiz został rozwiązany 570 razy
    539 od ostatniego zresetowania
  • Średni wynik to 7 z 15
Statystyki odpowiedzi
Zagadnienie Odpowiedź % Poprawnych
Republika Południowej Afryki afrikaans
76%
Czad francuski
74%
Egipt arabski
68%
Senegal francuski
59%
Kenia suahili
51%
Demokratyczna Republika Konga francuski
49%
Madagaskar malgaski
49%
Mali francuski
46%
Algieria arabski
45%
Somalia somalijski
45%
Maroko arabski
44%
Gwinea Bissau portugalski
39%
Zimbabwe angielski
35%
Mauretania arabski
30%
Sudan Południowy angielski
27%
Nie znaleziono quizów pasujących do podanych kryteriów
Rozkład punktacji
Procent ludzi z każdym wynikiem
Percentyl według liczby udzielonych odpowiedzi
Twoja historia wyników
Nie rozwiązałeś tego quizu od ostatniego zresetowania